[Event "4NCL Division 2b"]
[Site "Hinckley Island ENG"]
[Date "2014.02.16"]
[Round "6.51"]
[White "Cobb, James E"]
[Black "Holland, James P"]
[Result "1-0"]
[WhiteElo "2424"]
[BlackElo "2270"]
[PlyCount "71"]
[EventDate "2014.02.16"]
[WhiteTeam "South Wales Dragons"]
[BlackTeam "BCM Dragons (1)"]

1. d4 d5 2. c4 e6 3. Nf3 c5 4. cxd5 exd5 5. Nc3 Nc6 6. g3 Nf6 7. Bg2 Be7 8. O-O
O-O 9. dxc5 Bxc5 10. Bg5 d4 11. Bxf6 Qxf6 12. Nd5 Qf5 13. Nf4 Re8 14. Rc1 Bb6
15. Nd2 Ne5 16. Ne4 Rd8 17. Qb3 Be6 18. Nxe6 fxe6 19. Nd2 Rac8 20. Rxc8 Rxc8
21. Bxb7 Rf8 22. Kg2 Kh8 23. Be4 Qg4 24. f3 Qg5 25. Nc4 Nd7 26. Nxb6 Nxb6 27.
Qxe6 Qb5 28. Qd6 Rc8 29. Qxd4 Qxe2+ 30. Rf2 Qe1 31. Rd2 Re8 32. b3 a5 33. Qf2
Qxf2+ 34. Kxf2 a4 35. bxa4 Nc4 36. Rd4 1-0

[Event "4NCL Division 2b"]
[Site "Hinckley Island ENG"]
[Date "2014.02.16"]
[Round "6.52"]
[White "Dos Santos Oliveira, Sancho"]
[Black "Cooper, John G"]
[Result "0-1"]
[WhiteElo "2283"]
[BlackElo "2324"]
[PlyCount "90"]
[EventDate "2014.02.16"]
[WhiteTeam "BCM Dragons (1)"]
[BlackTeam "South Wales Dragons"]

1. e4 c5 2. Nf3 e6 3. d4 cxd4 4. Nxd4 Nf6 5. Nc3 d6 6. g4 h6 7. Bg2 Nc6 8. h3
Bd7 9. Be3 Ne5 10. Qe2 Rc8 11. O-O Nc4 12. Bc1 Qb6 13. Nb3 Be7 14. Kh1 O-O 15.
f4 Nh7 16. Rd1 Rfd8 17. Rd4 Qc7 18. Nd2 Nxd2 19. Rxd2 Bf6 20. Nb5 Bxb5 21. Qxb5
e5 22. f5 Bg5 23. Rf2 Bxc1 24. Rxc1 Nf6 25. Rd2 a6 26. Qe2 Qc4 27. a3 b5 28.
Qf3 a5 29. h4 d5 30. exd5 e4 31. Qg3 e3 32. Qxe3 Qxg4 33. Rd4 Qxf5 34. Rf1 Qg6
35. c3 Rc4 36. d6 Rxd4 37. Qxd4 Qg3 38. Rf4 h5 39. Rxf6 gxf6 40. d7 Qe1+ 41.
Kh2 Qe6 42. Qg1 Qd6+ 43. Kh1 Kf8 44. Bh3 f5 45. Qg5 Rxd7 0-1

[Event "4NCL Division 2b"]
[Site "Hinckley Island ENG"]
[Date "2014.02.16"]
[Round "6.53"]
[White "Dineley, Richard DP"]
[Black "Thompson, Ian D"]
[Result "1-0"]
[WhiteElo "2250"]
[BlackElo "2215"]
[PlyCount "93"]
[EventDate "2014.02.16"]
[WhiteTeam "South Wales Dragons"]
[BlackTeam "BCM Dragons (1)"]

1. e4 e6 2. d4 d5 3. Nd2 Nf6 4. e5 Nfd7 5. Bd3 c5 6. c3 Nc6 7. Ne2 cxd4 8. cxd4
f6 9. exf6 Qxf6 10. Nf3 h6 11. O-O Bd6 12. Be3 O-O 13. Bc2 Rf7 14. Qd2 Nf8 15.
a3 Bd7 16. Ng5 Re7 17. f4 Be8 18. Nf3 Bg6 19. Ba4 Rc7 20. Ne5 Be8 21. Nc3 a6
22. Rf2 b5 23. Bb3 b4 24. axb4 Bxb4 25. Nxc6 Bxc6 26. f5 Rd8 27. Bf4 Ra7 28.
Be5 Qg5 29. Qd3 Bxc3 30. Qxc3 Bb5 31. fxe6 Nxe6 32. Re1 Rf7 33. Rxf7 Kxf7 34.
Qf3+ Ke7 35. Bxd5 Qd2 36. Rd1 Qe2 37. Qa3+ Ke8 38. Bf3 Qc2 39. Re1 Kf7 40. Qe3
Qd3 41. Qf2 Kg8 42. Be4 Qc4 43. Qg3 Rd7 44. Bf5 Re7 45. Bf6 Nf4 46. Bxe7 Qxd4+
47. Qe3 1-0

[Event "4NCL Division 2b"]
[Site "Hinckley Island ENG"]
[Date "2014.02.16"]
[Round "6.54"]
[White "Coates, Kenneth G"]
[Black "Zeidler, Sven P"]
[Result "1/2-1/2"]
[WhiteElo "2156"]
[BlackElo "2241"]
[PlyCount "100"]
[EventDate "2014.02.16"]
[WhiteTeam "BCM Dragons (1)"]
[BlackTeam "South Wales Dragons"]

1. e4 d5 2. exd5 Qxd5 3. Nc3 Qa5 4. d4 Nf6 5. Bc4 Bg4 6. Nge2 Nc6 7. O-O O-O-O
8. Be3 Nxd4 9. Bxd4 e5 10. Nb5 exd4 11. Qe1 Qxe1 12. Rfxe1 Bxe2 13. Rxe2 a6 14.
Na3 Bxa3 15. bxa3 Rd7 16. Rae1 Kd8 17. g3 Re8 18. a4 Rde7 19. Kf1 Ng4 20. Rxe7
Rxe7 21. Rd1 Rd7 22. h4 c5 23. Be2 Nf6 24. Bf3 Kc7 25. Ke2 Nd5 26. Bxd5 Rxd5
27. Kd3 b5 28. axb5 axb5 29. a4 bxa4 30. Ra1 Rf5 31. f4 Rf6 32. Rxa4 Kb6 33.
Kc4 Re6 34. Kd5 Re3 35. g4 d3 36. cxd3 Rxd3+ 37. Ke5 Rd7 38. g5 Kb5 39. Ra8 c4
40. Rc8 Kb4 41. h5 c3 42. f5 Kb3 43. h6 gxh6 44. gxh6 Rd3 45. Kf6 Rh3 46. Kg7
c2 47. Kxh7 Rc3 48. Rxc3+ Kxc3 49. Kg7 c1=Q 50. h7 Qg5+ 1/2-1/2

[Event "4NCL Division 2b"]
[Site "Hinckley Island ENG"]
[Date "2014.02.16"]
[Round "6.55"]
[White "Redmond, John P"]
[Black "Tavares, Shawn P"]
[Result "1/2-1/2"]
[WhiteElo "2243"]
[BlackElo "2138"]
[PlyCount "98"]
[EventDate "2014.02.16"]
[WhiteTeam "South Wales Dragons"]
[BlackTeam "BCM Dragons (1)"]

1. Nf3 Nf6 2. c4 c5 3. g3 b6 4. Bg2 Bb7 5. O-O g6 6. Nc3 Bg7 7. d4 cxd4 8. Qxd4
d6 9. b3 Nbd7 10. Bb2 O-O 11. Qd2 Rc8 12. Rac1 a6 13. Nd4 Bxg2 14. Kxg2 Nc5 15.
Rfd1 Qd7 16. f3 Rfd8 17. e4 e6 18. Ba1 Qb7 19. Qe2 Bh6 20. Rc2 e5 21. b4 exd4
22. bxc5 dxc3 23. cxd6 Qc6 24. e5 Ng4 25. Rxc3 Ne3+ 26. Rxe3 Bxe3 27. Qxe3 Qxc4
28. Rd2 b5 29. Qg5 Qe6 30. Bd4 Rd7 31. Bb6 f6 32. exf6 Rxd6 33. f7+ Kxf7 34.
Qf4+ Ke7 35. Qb4 Kd7 36. Bf2 Rc4 37. Rxd6+ Qxd6 38. Qb2 Ra4 39. Qg7+ Qe7 40.
Qg8 Qe6 41. Qxh7+ Kc6 42. Qa7 Rxa2 43. Qc5+ Kd7 44. Qd4+ Qd6 45. Qg7+ Kc6 46.
Qc3+ Kb7 47. Qg7+ Kc6 48. Qc3+ Kd7 49. Qg7+ Kc6 1/2-1/2

[Event "4NCL Division 2b"]
[Site "Hinckley Island ENG"]
[Date "2014.02.16"]
[Round "6.56"]
[White "Richardson, Keith B"]
[Black "Morris, Charles F"]
[Result "1-0"]
[WhiteElo "2103"]
[BlackElo "2155"]
[PlyCount "123"]
[EventDate "2014.02.16"]
[WhiteTeam "BCM Dragons (1)"]
[BlackTeam "South Wales Dragons"]

1. c4 c5 2. Nf3 Nc6 3. Nc3 g6 4. e3 Bg7 5. d4 Nf6 6. d5 Nb4 7. e4 d6 8. Be2 O-O
9. O-O e5 10. a3 Na6 11. Ne1 Qe7 12. Nd3 Bd7 13. Rb1 Rac8 14. Be3 h6 15. Qd2
Kh7 16. f3 Ng8 17. b4 b6 18. bxc5 bxc5 19. Rb7 Rc7 20. Rfb1 Bc8 21. Rxc7 Qxc7
22. Nb5 Qe7 23. f4 f6 24. Bf3 Re8 25. g4 Bf8 26. f5 g5 27. Qa5 Qd7 28. Bd1 Be7
29. Ba4 Rf8 30. Nc3 Qc7 31. Qb5 Bd8 32. Bd2 Ne7 33. Qb2 Kg7 34. Nb5 Qb8 35. Qc2
Bb6 36. Kg2 Rh8 37. h4 Bd7 38. Rh1 Bxb5 39. Bxb5 Nc7 40. Ba4 Qd8 41. Qd1 Na8
42. Qe1 Ng8 43. Nc1 Bc7 44. Ne2 Nb6 45. Bb3 Qb8 46. Rh3 Bd8 47. Ng3 Kf8 48. Nh5
Rh7 49. hxg5 fxg5 50. Rf3 Rb7 51. Qd1 Nd7 52. Rd3 Ndf6 53. Nxf6 Nxf6 54. Kf3
Qc7 55. Qh1 Qh7 56. Ba4 Rg7 57. Rb3 Bb6 58. Rb1 h5 59. gxh5 g4+ 60. Ke2 Nxh5
61. Kd3 Nf6 62. Bh6 1-0

[Event "4NCL Division 2b"]
[Site "Hinckley Island ENG"]
[Date "2014.02.16"]
[Round "6.57"]
[White "Jameson, David"]
[Black "Purdon, Colin"]
[Result "0-1"]
[WhiteElo "2128"]
[BlackElo "2134"]
[PlyCount "30"]
[EventDate "2014.02.16"]
[WhiteTeam "South Wales Dragons"]
[BlackTeam "BCM Dragons (1)"]

1. d4 d5 2. Nf3 Nf6 3. Bf4 c5 4. e3 e6 5. Bd3 Nc6 6. c3 Be7 7. h3 Qb6 8. Qb3 c4
9. Qxb6 axb6 10. Bc2 b5 11. Nbd2 b4 12. O-O O-O 13. Ne5 Nxe5 14. dxe5 Nd7 15.
Nb1 b3 0-1

[Event "4NCL Division 2b"]
[Site "Hinckley Island ENG"]
[Date "2014.02.16"]
[Round "6.58"]
[White "Head, Louise"]
[Black "Lochte, Szilvia"]
[Result "1/2-1/2"]
[WhiteElo "1793"]
[BlackElo "1952"]
[PlyCount "29"]
[EventDate "2014.02.16"]
[WhiteTeam "BCM Dragons (1)"]
[BlackTeam "South Wales Dragons"]

1. d4 Nf6 2. c4 e6 3. Nf3 Bb4+ 4. Nbd2 b6 5. a3 Bxd2+ 6. Qxd2 Bb7 7. e3 O-O 8.
Bd3 Ne4 9. Qc2 f5 10. O-O d6 11. Nd2 Nxd2 12. Bxd2 Nd7 13. e4 Qh4 14. Rae1 f4
15. f3 1/2-1/2

[Event "4NCL Division 2b"]
[Site "Hinckley Island ENG"]
[Date "2014.02.16"]
[Round "6.61"]
[White "Gantner, Matthias"]
[Black "Richardson, John R"]
[Result "0-1"]
[WhiteElo "2246"]
[BlackElo "2329"]
[PlyCount "56"]
[EventDate "2014.02.16"]
[WhiteTeam "White Rose 2"]
[BlackTeam "The AD's"]

1. e4 c6 2. d4 d5 3. e5 Bf5 4. h4 h5 5. c4 e6 6. Nc3 Nd7 7. Nf3 Ne7 8. Bg5 dxc4
9. Nd2 f6 10. Nxc4 Nd5 11. exf6 gxf6 12. Bd2 Qc7 13. Nxd5 exd5 14. Ne3 Be4 15.
Be2 O-O-O 16. Kf1 Bh6 17. Nc2 Rdg8 18. Ne1 Nf8 19. Bxh6 Rxh6 20. Bf3 f5 21. Nd3
Ne6 22. Ne5 Qb6 23. Qd2 Rh7 24. Rd1 Rhg7 25. Bxe4 dxe4 26. Rh2 Rd8 27. Qh6 Qb5+
28. Kg1 Qxe5 0-1

[Event "4NCL Division 2b"]
[Site "Hinckley Island ENG"]
[Date "2014.02.16"]
[Round "6.63"]
[White "Weller, Jean-Luc"]
[Black "Snape, Ian L"]
[Result "0-1"]
[WhiteElo "2195"]
[BlackElo "2219"]
[PlyCount "82"]
[EventDate "2014.02.16"]
[WhiteTeam "White Rose 2"]
[BlackTeam "The AD's"]

1. d4 c5 2. d5 g6 3. e4 d6 4. Nc3 Bg7 5. Nf3 Nf6 6. Bd3 O-O 7. O-O Na6 8. Qe2
Nc7 9. Rd1 Bg4 10. h3 Bxf3 11. Qxf3 Rb8 12. a4 a6 13. a5 b5 14. axb6 Rxb6 15.
Qe2 Nb5 16. Nxb5 axb5 17. Bxb5 Nxe4 18. Bc4 f5 19. c3 Qc7 20. f3 Nf6 21. Re1
Rb7 22. Bb5 c4 23. Bc6 Ra7 24. Be3 Rxa1 25. Rxa1 e5 26. Qxc4 Nh5 27. b4 e4 28.
f4 Qe7 29. Qf1 Bxc3 30. Rb1 g5 31. g3 Qg7 32. Qg2 Bd4 33. Bxd4 Qxd4+ 34. Qf2 e3
35. Qf3 gxf4 36. Rd1 Qa7 37. Re1 Qg7 38. g4 Qc3 39. Re2 Ng3 40. Bb5 Nxe2+ 41.
Bxe2 fxg4 0-1

[Event "4NCL Division 2b"]
[Site "Hinckley Island ENG"]
[Date "2014.02.16"]
[Round "6.64"]
[White "Swindells, Jonathan E"]
[Black "Burnett, Jim"]
[Result "1-0"]
[WhiteElo "2158"]
[BlackElo "2148"]
[PlyCount "97"]
[EventDate "2014.02.16"]
[WhiteTeam "The AD's"]
[BlackTeam "White Rose 2"]

1. e4 e6 2. Qe2 c5 3. f4 Be7 4. Nf3 d5 5. d3 Nc6 6. g3 Nf6 7. Bg2 O-O 8. O-O
Rb8 9. Ne5 Qc7 10. Nxc6 Qxc6 11. c4 dxe4 12. dxe4 Qc7 13. Nc3 a6 14. b3 b6 15.
e5 Nd7 16. Bb2 Bb7 17. Rad1 Bxg2 18. Kxg2 Rbd8 19. Ne4 Rfe8 20. Qg4 Nb8 21.
Nf6+ Bxf6 22. exf6 g6 23. Qg5 Kh8 24. f5 exf5 25. Rxd8 Qxd8 26. Rxf5 Qd3 27.
Re5 Qc2+ 28. Kh3 Rxe5 29. Qxe5 Qf5+ 30. Qxf5 gxf5 31. Bc1 h6 32. Bxh6 Kh7 33.
Bf4 Nc6 34. Bc7 b5 35. Bd6 bxc4 36. bxc4 Na5 37. Bxc5 Nxc4 38. Kg2 Nd2 39. Bd4
Kg6 40. Kf2 Kh5 41. Ke3 Ne4 42. Kf3 Ng5+ 43. Kf4 Ne6+ 44. Ke5 Kg4 45. Be3 Nf8
46. Kd6 Ng6 47. Bf4 Kh3 48. Kd7 Kxh2 49. Ke8 1-0

[Event "4NCL Division 2b"]
[Site "Hinckley Island ENG"]
[Date "2014.02.16"]
[Round "6.65"]
[White "Weller, Pierre"]
[Black "Besedin, Pavel"]
[Result "0-1"]
[WhiteElo "2116"]
[BlackElo "2121"]
[PlyCount "86"]
[EventDate "2014.02.16"]
[WhiteTeam "White Rose 2"]
[BlackTeam "The AD's"]

1. d4 g6 2. c4 Bg7 3. Nc3 d6 4. e4 Nf6 5. Nf3 O-O 6. Be2 e5 7. d5 Nbd7 8. Bg5
h6 9. Bh4 a5 10. Nd2 Nc5 11. f3 Qd7 12. O-O Nh5 13. b3 Nf4 14. Bf2 h5 15. Qc2
Bh6 16. Rfb1 g5 17. a3 g4 18. fxg4 Nxe2+ 19. Nxe2 Qxg4 20. b4 Qxe2 21. bxc5
Qxd2 22. Qxd2 Bxd2 23. Ra2 Bg5 24. cxd6 cxd6 25. Rb6 Be7 26. Rd2 f5 27. c5 fxe4
28. cxd6 Bd8 29. Rb3 Rf6 30. Rg3+ Kf7 31. Rg5 Rf5 32. Rxf5+ Bxf5 33. Rb2 b6 34.
Bg3 e3 35. Rb3 b5 36. Bxe5 Rc8 37. Kf1 Bb6 38. Bf4 Rc1+ 39. Ke2 Bg4+ 40. Kd3
Rd1+ 41. Kc2 e2 42. Bg3 Bf5+ 43. Kb2 Bd4+ 0-1

[Event "4NCL Division 2b"]
[Site "Hinckley Island ENG"]
[Date "2014.02.16"]
[Round "6.66"]
[White "Anderton, David W"]
[Black "O'Driscoll, Kieran"]
[Result "1/2-1/2"]
[WhiteElo "2187"]
[BlackElo "2112"]
[PlyCount "34"]
[EventDate "2014.02.16"]
[WhiteTeam "The AD's"]
[BlackTeam "White Rose 2"]

1. d4 d6 2. Nf3 Bg4 3. c4 Nf6 4. Nc3 Nbd7 5. g3 Bxf3 6. exf3 e6 7. Bg2 Be7 8.
O-O O-O 9. f4 c6 10. b3 Re8 11. Bb2 Bf8 12. Qc2 g6 13. Rad1 d5 14. c5 b6 15. b4
a5 16. a3 axb4 17. axb4 b5 1/2-1/2

[Event "4NCL Division 2b"]
[Site "Hinckley Island ENG"]
[Date "2014.02.16"]
[Round "6.67"]
[White "Shaw, Peter"]
[Black "Bellin, Jana M"]
[Result "1/2-1/2"]
[WhiteElo "2164"]
[BlackElo "2087"]
[PlyCount "101"]
[EventDate "2014.02.16"]
[WhiteTeam "White Rose 2"]
[BlackTeam "The AD's"]

1. d4 Nf6 2. c4 c5 3. d5 e5 4. Nc3 d6 5. e4 Be7 6. g3 O-O 7. Bg2 a6 8. a4 Nbd7
9. Nge2 Ne8 10. O-O g6 11. Bh6 Ng7 12. Qd2 Nf6 13. h3 Kh8 14. Kh2 Ng8 15. Be3
f5 16. f4 exf4 17. Nxf4 Bf6 18. Rad1 Bd7 19. exf5 Bxf5 20. Ne4 Be5 21. Nd3 Bxe4
22. Bxe4 Qe7 23. Nxe5 Qxe5 24. Bf3 Rae8 25. Bf4 Qf6 26. Bg5 Qf5 27. Bg2 Qd7 28.
b3 Nf5 29. g4 Nd4 30. Be3 Rxf1 31. Rxf1 Nxb3 32. Qc3+ Nd4 33. Bxd4+ cxd4 34.
Qxd4+ Qg7 35. Qxg7+ Kxg7 36. Rb1 Re7 37. Rb6 Rd7 38. Kg3 Ne7 39. a5 g5 40. Be4
Nc8 41. Rb3 Rc7 42. Bf5 Ne7 43. Rb6 Nxf5+ 44. gxf5 Kf6 45. Rxd6+ Kxf5 46. Rh6
Rxc4 47. Rxh7 Rc3+ 48. Kg2 Rd3 49. Rf7+ Ke5 50. Re7+ Kf5 51. Rf7+ 1/2-1/2

[Event "4NCL Division 2b"]
[Site "Hinckley Island ENG"]
[Date "2014.02.16"]
[Round "6.71"]
[White "Sands, David A"]
[Black "Suarez Garcia, Carlos"]
[Result "1/2-1/2"]
[WhiteElo "2224"]
[BlackElo "2378"]
[PlyCount "89"]
[EventDate "2014.02.16"]
[WhiteTeam "Barbican 4NCL Youth"]
[BlackTeam "Hackney"]

1. d4 d6 2. Nf3 Bg4 3. c4 Bxf3 4. exf3 g6 5. Nc3 Bg7 6. Be3 e6 7. Be2 Ne7 8. d5
e5 9. O-O Nf5 10. Bd2 O-O 11. Re1 Nd7 12. Rc1 Nd4 13. Bf1 f5 14. Be3 c5 15.
dxc6 bxc6 16. b3 c5 17. Qd2 Nb8 18. f4 Nbc6 19. f3 Qh4 20. fxe5 dxe5 21. Rcd1
Qe7 22. Qc1 Rfe8 23. Kh1 Rac8 24. Nd5 Qb7 25. Bg5 Kf7 26. Rd2 Ne6 27. Be3 Ncd4
28. Red1 Red8 29. Nc3 Bf6 30. Nd5 Bg7 31. Nc3 Rd7 32. Qb1 Rcd8 33. Qc1 h5 34.
Re1 Re8 35. Nd5 Nc7 36. Nc3 Rd6 37. Rdd1 Red8 38. Qb2 Nce6 39. Qc1 Re8 40. Nd5
Rdd8 41. Nc3 Rc8 42. Nd5 Nc7 43. Nc3 Bf6 44. Bf2 Qc6 45. Kg1 1/2-1/2

[Event "4NCL Division 2b"]
[Site "Hinckley Island ENG"]
[Date "2014.02.16"]
[Round "6.73"]
[White "Berry, Neil"]
[Black "Lyell, Mark"]
[Result "0-1"]
[WhiteElo "2223"]
[BlackElo "2186"]
[PlyCount "100"]
[EventDate "2014.02.16"]
[WhiteTeam "Barbican 4NCL Youth"]
[BlackTeam "Hackney"]

1. d4 e6 2. c4 f5 3. g3 Nf6 4. Bg2 Be7 5. Nf3 O-O 6. O-O d6 7. Nc3 Ne4 8. Nxe4
fxe4 9. Nd2 d5 10. f3 Nc6 11. fxe4 Rxf1+ 12. Kxf1 dxc4 13. e3 Na5 14. Qa4 b6
15. Kg1 Bd7 16. Qc2 b5 17. Nf3 c5 18. d5 Qc7 19. e5 exd5 20. Ng5 Bxg5 21. Bxd5+
Kh8 22. Bxa8 Qxe5 23. Qe4 Qxe4 24. Bxe4 b4 25. Bd2 g6 26. Rf1 Kg7 27. Bd5 Bf6
28. e4 Bd4+ 29. Kg2 Be8 30. Bc1 Nc6 31. Bxc4 Ne5 32. Be2 Bc6 33. Bf3 a5 34. b3
a4 35. Bf4 Kf6 36. Bxe5+ Kxe5 37. Rd1 a3 38. Rc1 Bb5 39. h4 Bd3 40. h5 c4 41.
hxg6 hxg6 42. Bd1 Bxe4+ 43. Kf1 Bd3+ 44. Ke1 c3 45. Bc2 Ke4 46. Kd1 Be3 47.
Bxd3+ Kxd3 48. Rc2 Bd2 49. g4 Ke3 50. g5 Kf4 0-1

[Event "4NCL Division 2b"]
[Site "Hinckley Island ENG"]
[Date "2014.02.16"]
[Round "6.74"]
[White "Cenal Gutierrez, Ruben"]
[Black "Moss, Guy"]
[Result "1/2-1/2"]
[WhiteElo "2224"]
[BlackElo "2007"]
[PlyCount "87"]
[EventDate "2014.02.16"]
[WhiteTeam "Hackney"]
[BlackTeam "Barbican 4NCL Youth"]

1. d4 d5 2. Nf3 Nf6 3. Bf4 c6 4. c3 Bf5 5. h3 h6 6. g4 Bh7 7. e3 Nbd7 8. Nbd2
e6 9. Qb3 Qb6 10. Be2 Be7 11. c4 c5 12. Qxb6 axb6 13. cxd5 exd5 14. Bb5 O-O 15.
O-O Nb8 16. Bc7 Nfd7 17. Nb1 Bxb1 18. Rfxb1 Nc6 19. Rd1 Rac8 20. Bg3 Nf6 21.
dxc5 bxc5 22. Ne5 Nxe5 23. Bxe5 Rfd8 24. f3 c4 25. Rac1 Bc5 26. Kf2 Nd7 27.
Rxd5 Nxe5 28. Rxe5 Rd2+ 29. Kf1 Bd6 30. Re4 Rxb2 31. Bxc4 Kh8 32. Rd1 Be7 33.
Bb3 Bh4 34. f4 Rh2 35. Rc4 Rxc4 36. Bxc4 Rxh3 37. Ke2 Rg3 38. Bxf7 Rxg4 39. Rb1
g5 40. f5 Rg2+ 41. Kd3 Rf2 42. Ke4 g4 43. Ke5 g3 44. Bd5 1/2-1/2

[Event "4NCL Division 2b"]
[Site "Hinckley Island ENG"]
[Date "2014.02.16"]
[Round "6.75"]
[White "Brett, Andrew R"]
[Black "Eames, Robert S"]
[Result "0-1"]
[WhiteElo "2142"]
[BlackElo "2218"]
[PlyCount "92"]
[EventDate "2014.02.16"]
[WhiteTeam "Barbican 4NCL Youth"]
[BlackTeam "Hackney"]

1. d4 Nf6 2. c4 c5 3. d5 b5 4. Qc2 Qa5+ 5. Bd2 b4 6. e4 d6 7. f4 g6 8. e5 dxe5
9. fxe5 Ng4 10. Nf3 Bg7 11. e6 O-O 12. Bd3 Qc7 13. Be4 Bb7 14. exf7+ Rxf7 15.
a3 Na6 16. axb4 cxb4 17. Rxa6 Bxa6 18. d6 exd6 19. Bxa8 Re7+ 20. Kd1 Nf2+ 21.
Kc1 Bxc4 22. Bg5 b3 23. Qxf2 Be2+ 24. Nc3 Bxc3 25. Bd5+ Kh8 26. Bxb3 Be1+ 27.
Kb1 Bd3+ 28. Qc2 Bxc2+ 29. Bxc2 Bb4 30. Bf6+ Kg8 31. Bb3+ Kf8 32. Rf1 Ke8 33.
Ba4+ Rd7 34. Rc1 Qb7 35. Bc6 Qa6 36. h4 Qd3+ 37. Ka2 h6 38. Ba4 Qa6 39. Kb3 Bc5
40. Bc3 Kd8 41. Bxd7 Kxd7 42. Rd1 Qb5+ 43. Kc2 Qa4+ 44. b3 Qe4+ 45. Kb2 Bf2 46.
Ka3 Qc2 0-1

[Event "4NCL Division 2b"]
[Site "Hinckley Island ENG"]
[Date "2014.02.16"]
[Round "6.76"]
[White "Ociepka, Adrian"]
[Black "Stewart, Ashley"]
[Result "0-1"]
[WhiteElo "2124"]
[BlackElo "2036"]
[PlyCount "90"]
[EventDate "2014.02.16"]
[WhiteTeam "Hackney"]
[BlackTeam "Barbican 4NCL Youth"]

1. d4 Nf6 2. c4 e6 3. Nf3 b6 4. g3 Ba6 5. Qc2 Bb4+ 6. Bd2 Bxd2+ 7. Nbxd2 d5 8.
Bg2 Bb7 9. cxd5 exd5 10. Rc1 c6 11. Ne5 Nfd7 12. Nd3 O-O 13. O-O Re8 14. e3 Na6
15. b4 Qe7 16. Rb1 Nc7 17. Rfc1 Ne6 18. Nb3 Rac8 19. a4 Ng5 20. a5 Ne4 21. axb6
axb6 22. Ra1 Ra8 23. Nd2 Nd6 24. Qb3 g6 25. h4 Ba6 26. Rxa6 Rxa6 27. Rxc6 Ra1+
28. Kh2 Nf6 29. Bh3 Nde4 30. Nf3 Qb7 31. b5 Rea8 32. Nfe5 R1a3 33. Qd1 Ra2 34.
Qf3 Kg7 35. g4 Qe7 36. g5 Ne8 37. Rxb6 N8d6 38. Kg2 Rc2 39. Rc6 Raa2 40. Rxc2
Rxc2 41. Qd1 Rd2 42. Qb3 Nc4 43. Nxc4 dxc4 44. Qxc4 Nd6 45. Qc3 Qe4+ 0-1

[Event "4NCL Division 2b"]
[Site "Hinckley Island ENG"]
[Date "2014.02.16"]
[Round "6.77"]
[White "Regan, Natasha K"]
[Black "Walker, Nicholas P"]
[Result "0-1"]
[WhiteElo "2073"]
[BlackElo "2172"]
[PlyCount "80"]
[EventDate "2014.02.16"]
[WhiteTeam "Barbican 4NCL Youth"]
[BlackTeam "Hackney"]

1. Nf3 Nf6 2. b3 g6 3. Bb2 Bg7 4. c4 d6 5. d4 O-O 6. g3 Bf5 7. Bg2 c6 8. Nh4
Be4 9. f3 Bxb1 10. Qxb1 Qa5+ 11. Kf2 e5 12. Rd1 Nbd7 13. Kg1 Rfe8 14. dxe5 dxe5
15. Qc2 Rad8 16. a3 Qb6+ 17. Kh1 a5 18. Bc3 e4 19. Rab1 Ne5 20. Rxd8 Qxd8 21.
Rd1 Qc8 22. fxe4 Neg4 23. Bd4 Nxe4 24. Bxe4 Bxd4 25. Rxd4 c5 26. Bxg6 cxd4 27.
Bxh7+ Kh8 28. Bf5 Qc6+ 29. Nf3 Ne3 30. Qd3 Nxf5 31. Qxf5 Rxe2 32. Kg1 Qg6 33.
Nxd4 Qxf5 34. Nxf5 Rd2 35. b4 a4 36. c5 Ra2 37. Nd6 Rxa3 38. b5 Rc3 39. Nxb7 a3
40. Na5 a2 0-1

[Event "4NCL Division 2b"]
[Site "Hinckley Island ENG"]
[Date "2014.02.16"]
[Round "6.78"]
[White "Bowmer, Kevin"]
[Black "Morrison, Lynne GP"]
[Result "1-0"]
[WhiteElo "2086"]
[BlackElo "1889"]
[PlyCount "63"]
[EventDate "2014.02.16"]
[WhiteTeam "Hackney"]
[BlackTeam "Barbican 4NCL Youth"]

1. e4 c5 2. Nf3 d6 3. d4 cxd4 4. Nxd4 Nf6 5. Nc3 e6 6. Be2 Be7 7. O-O O-O 8.
Be3 a6 9. f4 Qc7 10. a4 Nc6 11. Kh1 b6 12. Nxc6 Qxc6 13. e5 Nd5 14. Nxd5 exd5
15. Bf3 Bb7 16. c4 dxe5 17. cxd5 Qd6 18. Qd2 Bf6 19. Qf2 exf4 20. Bxb6 Rfe8 21.
Bc5 Qe5 22. Rad1 Rad8 23. b4 g5 24. h3 Bg7 25. d6 Bxf3 26. Qxf3 Qe2 27. d7 Re7
28. Qxe2 Rxe2 29. Bb6 Bf6 30. Bxd8 Bxd8 31. Rfe1 Rxe1+ 32. Rxe1 1-0

[Event "4NCL Division 2b"]
[Site "Hinckley Island ENG"]
[Date "2014.02.16"]
[Round "6.81"]
[White "Hackner, Oskar A"]
[Black "Padilla Cabero, Pablo"]
[Result "1-0"]
[WhiteElo "2099"]
[BlackElo "2160"]
[PlyCount "41"]
[EventDate "2014.02.16"]
[WhiteTeam "Bradford DCA Knights A"]
[BlackTeam "Brown Jack"]

1. d4 f5 2. Bg5 d6 3. e4 fxe4 4. Nc3 Bf5 5. f3 exf3 6. Qxf3 Qc8 7. Bc4 Nf6 8.
Nge2 Bg4 9. Qe3 c6 10. O-O d5 11. Bd3 Nbd7 12. Nf4 e5 13. h3 Kf7 14. hxg4 exf4
15. Qxf4 h6 16. Bxf6 Nxf6 17. Rae1 Qb8 18. Qf5 Qd6 19. Qg6+ Kg8 20. Bf5 Rh7 21.
Re6 1-0

[Event "4NCL Division 2b"]
[Site "Hinckley Island ENG"]
[Date "2014.02.16"]
[Round "6.82"]
[White "Martin, Lewis"]
[Black "Jones, Steven A"]
[Result "1-0"]
[WhiteElo "2043"]
[BlackElo "2074"]
[PlyCount "95"]
[EventDate "2014.02.16"]
[WhiteTeam "Brown Jack"]
[BlackTeam "Bradford DCA Knights A"]

1. e4 e5 2. Nf3 Nc6 3. Bb5 a6 4. Ba4 d6 5. O-O Bg4 6. Bxc6+ bxc6 7. d4 f6 8.
Be3 Ne7 9. Nbd2 exd4 10. Bxd4 Ng6 11. h3 Be6 12. Nh2 Be7 13. f4 Bf7 14. Qe2 O-O
15. Ng4 d5 16. f5 dxe4 17. Qxe4 Ne5 18. Nxe5 fxe5 19. Be3 Qd5 20. Qg4 Bc5 21.
Qe2 Bxe3+ 22. Qxe3 Qd4 23. Qxd4 exd4 24. Nb3 Rab8 25. Rf4 Rfd8 26. Rd1 d3 27.
Rf2 Rd6 28. Nc1 dxc2 29. Rxd6 cxd6 30. Rxc2 Bd5 31. g4 h5 32. Kf2 Rb4 33. Kg3
Re4 34. b3 Re3+ 35. Kh4 hxg4 36. hxg4 Kf7 37. Ne2 Be4 38. Rd2 d5 39. Nd4 Rc3
40. Kg5 c5 41. Ne6 d4 42. Rh2 Bd5 43. Nf4 Be4 44. Ne6 d3 45. Rh7 d2 46. Rxg7+
Ke8 47. f6 Rf3 48. Re7# 1-0

[Event "4NCL Division 2b"]
[Site "Hinckley Island ENG"]
[Date "2014.02.16"]
[Round "6.83"]
[White "Somerset, William P"]
[Black "Girdlestone, Paul C"]
[Result "0-1"]
[WhiteElo "2030"]
[BlackElo "2116"]
[PlyCount "96"]
[EventDate "2014.02.16"]
[WhiteTeam "Bradford DCA Knights A"]
[BlackTeam "Brown Jack"]

1. Nf3 Nf6 2. c4 b6 3. g3 Bb7 4. Bg2 c5 5. O-O e6 6. Nc3 Be7 7. b3 O-O 8. Bb2
a6 9. d4 cxd4 10. Qxd4 Nc6 11. Qd2 Qc7 12. Rfd1 Rfd8 13. Rac1 Bc5 14. Qg5 h6
15. Qh4 Ne7 16. e3 Ng6 17. Qh3 Be7 18. g4 Rac8 19. g5 Bxf3 20. Bxf3 hxg5 21.
Ne2 Nh4 22. Bh1 Nf5 23. Qg2 Nh7 24. a4 f6 25. Ng3 Nxg3 26. hxg3 Rb8 27. Qh3 Qc5
28. Bf3 g6 29. Qh6 Qf5 30. Kg2 Bf8 31. Qh2 g4 32. Be2 Ng5 33. Rh1 Bg7 34. Ba3
Kf7 35. Rcd1 Rb7 36. Rd4 Nf3 37. Bd3 Qg5 38. Qh7 Nxd4 39. exd4 Rh8 40. Qxh8
Bxh8 41. Rxh8 f5 42. Bd6 Qd2 43. Be5 g5 44. Rh7+ Kg6 45. Rg7+ Kh6 46. Rg8 Qxd3
47. Rh8+ Kg6 48. Rg8+ Kf7 0-1

[Event "4NCL Division 2b"]
[Site "Hinckley Island ENG"]
[Date "2014.02.16"]
[Round "6.85"]
[White "Sullivan, Daniel JS"]
[Black "Hackett, Dave G"]
[Result "0-1"]
[WhiteElo "1976"]
[BlackElo "2115"]
[PlyCount "94"]
[EventDate "2014.02.16"]
[WhiteTeam "Bradford DCA Knights A"]
[BlackTeam "Brown Jack"]

1. d4 Nf6 2. c4 c5 3. d5 e6 4. Nc3 exd5 5. cxd5 d6 6. e4 g6 7. Nge2 Bg7 8. Ng3
a6 9. a4 Nbd7 10. Be2 Rb8 11. O-O O-O 12. f3 Qe7 13. Be3 h6 14. Qd2 Kh7 15.
Rab1 Ne5 16. Nh1 g5 17. Nf2 Ng6 18. b4 cxb4 19. Rxb4 Nh5 20. Bxa6 Qc7 21. Ne2
Nhf4 22. Bxf4 Nxf4 23. Nxf4 bxa6 24. Rxb8 Qxb8 25. Nh5 Be5 26. g3 Qb3 27. f4
gxf4 28. Qd3 Qxd3 29. Nxd3 Bh3 30. Nxe5 dxe5 31. Rb1 Kg6 32. Nxf4+ exf4 33.
gxf4 Re8 34. Rb6+ Kh5 35. e5 Rd8 36. d6 Kg4 37. Rb3 Kh4 38. Kf2 Be6 39. Rb6 Kg4
40. Ke3 Rc8 41. Rb7 Kf5 42. Ra7 h5 43. Rxa6 Rc3+ 44. Kd2 Rc4 45. Ra7 Rxf4 46.
Ke3 Re4+ 47. Kd3 Rxe5 0-1